Statystyki dla Państwa produkujące najwięcej Bananów

Kliknij tutaj aby rozwiązać quiz!

Ogólne statystyki

  • Ten quiz został rozwiązany 135 razy
  • Średni wynik to 10 z 20

Statystyki odpowiedzi

Produkcja (tony)Państwo% Poprawnych
6 812 708Brazylia
96%
11 998 329Chiny
87%
30 460 000Indie
87%
6 583 477Ekwador
83%
2 914 419Kolumbia
83%
2 227 173Meksyk
83%
7 280 659Indonezja
70%
6 049 601Filipiny
57%
1 359 297Egipt
48%
1 715 770Kenia
48%
1 297 590Tajlandia
43%
2 194 247Wietnam
43%
4 341 564Gwatemala
39%
2 437 381Kostaryka
39%
4 036 959Angola
30%
3 406 936Tanzania
30%
1 209 268Dominikana
22%
1 207 375Kamerun
22%
1 408 295Papua-Nowa Gwinea
17%
1 850 633Rwanda
4%

Rozkład punktacji

Percentyl według liczby udzielonych odpowiedzi

Procent ludzi z każdym wynikiem

Twoja historia wyników

Nie rozwiązałeś tego quizu